[Event "Women's Speed Chess Q2"]
[Site "chess.com INT"]
[Date "2021.05.29"]
[Round "8"]
[White "Golubenko, Valentina"]
[Black "Doluhanova, Evgeniya"]
[Result "0-1"]
[WhiteTitle "WGM"]
[BlackTitle "WGM"]
[WhiteElo "2209"]
[BlackElo "2207"]
[WhiteFideId "4501993"]
[BlackFideId "14112035"]
[EventDate "2021.05.29"]

1. d4 Nf6 2. g3 b5 3. Bg2 d5 4. a4 bxa4 5. c4 e6 6. Qxa4+ Bd7 7. Qc2 Nc6 8. Nf3
Nb4 9. Qd1 dxc4 10. O-O c5 11. Ne5 Rb8 12. Rxa7 Be7 13. dxc5 Bxc5 14. Nxd7 Nxd7
15. Qa4 Bxa7 16. Qxa7 O-O 17. Rd1 Qb6 18. Rxd7 Qxa7 19. Rxa7 Rfd8 20. Nc3 Nd5
21. Ne4 Ra8 22. Rxa8 Rxa8 23. Bd2 Ra2 24. Bc3 Nxc3 25. bxc3 Rxe2 26. Nd6 Rc2 27.
Nxc4 Rxc3 28. Ne3 f5 29. Bf3 Kf7 30. Kg2 g5 31. h3 Ra3 32. Bh5+ Kf6 33. Be2 h6
34. h4 Ra2 35. Bd3 gxh4 36. gxh4 Ke5 37. Bc4 Ra7 38. Kf3 Ra4 39. Bd3 Rxh4 40.
Kg3 Rd4 41. Nc4+ Kd5 42. Nb2 f4+ 43. Kf3 e5 44. Bf1 Rb4 45. Nd3 Rb3 0-1

[Event "Women's Speed Chess Q2"]
[Site "chess.com INT"]
[Date "2021.05.29"]
[Round "8"]
[White "Obregon Garcia, Roxangel"]
[Black "Petrova, Irina"]
[Result "0-1"]
[WhiteTitle "WIM"]
[BlackTitle "WIM"]
[WhiteElo "2167"]
[BlackElo "2110"]
[WhiteFideId "3520420"]
[BlackFideId "14124122"]
[EventDate "2021.05.29"]

1. e4 d6 2. d4 Nf6 3. Nc3 e5 4. Nf3 Nbd7 5. Bc4 Be7 6. O-O O-O 7. a4 c6 8. Re1
h6 9. h3 Re8 10. b3 Bf8 11. Ba3 exd4 12. Nxd4 Ne5 13. Bd3 c5 14. Nf3 g5 15. Bb5
Bd7 16. Bxd7 Qxd7 17. Nxe5 Rxe5 18. Qf3 Bg7 19. Rad1 Rae8 20. Bb2 R5e6 21. Ba3
Qc6 22. h4 Nxe4 23. Nd5 Nd2 24. Rxd2 Rxe1+ 25. Kh2 R1e5 26. c4 gxh4 27. Bb2 Rg5
28. Bxg7 Kxg7 29. Qf6+ Kg8 30. Qxh6 Rg6 31. Qxh4 Kg7 32. Qf4 Rh6+ 33. Kg3 Rg6+
34. Kf3 Ree6 35. g3 Ref6 36. Qxf6+ Rxf6+ 37. Kg2 Rf5 38. Re2 Re5 39. Rd2 a6 40.
f4 Rxd5 41. cxd5 Qb6 42. g4 Qb4 43. g5 Qxd2+ 0-1

[Event "Women's Speed Chess Q2"]
[Site "chess.com INT"]
[Date "2021.05.29"]
[Round "8"]
[White "Vantika, Agrawal"]
[Black "Buksa, Nataliya"]
[Result "1-0"]
[WhiteTitle "WIM"]
[BlackTitle "IM"]
[WhiteElo "2286"]
[BlackElo "2414"]
[WhiteFideId "25050389"]
[BlackFideId "14123622"]
[EventDate "2021.05.29"]

1. d4 d5 2. c4 e6 3. Nf3 Nf6 4. g3 Be7 5. Bg2 O-O 6. O-O dxc4 7. Qc2 b6 8. Bg5
Nd5 9. Bxe7 Qxe7 10. Nbd2 b5 11. b3 cxb3 12. Nxb3 a5 13. Nc5 Rd8 14. Ne5 Ba6 15.
e3 b4 16. Rfc1 Bb5 17. a3 Nc3 18. Bxa8 Ne2+ 19. Kg2 Nxc1 20. Qxc1 c6 21. axb4
axb4 22. Qb2 f6 23. Nf3 Nd7 24. Nxd7 Rxd7 25. Qc2 Ra7 26. Rxa7 Qxa7 27. Bxc6 Qc7
28. d5 g6 29. Nd4 Ba6 30. Nxe6 Qd6 31. Qc5 Qb8 32. d6 b3 33. d7 b2 34. d8=Q+
Qxd8 35. Nxd8 b1=Q 36. Qd5+ Kg7 37. Qf7+ Kh6 38. Qxf6 Bf1+ 39. Kf3 Qd1+ 40. Kf4
Bc4 41. Qf8+ Kh5 42. Bf3+ Qxf3+ 43. Kxf3 Bd5+ 44. Kf4 g5+ 45. Ke5 Bg2 46. Qf6
Kg4 47. h3+ Kxh3 48. Qxg5 Kh2 49. Qh4+ Kg1 50. f4 h5 51. f5 1-0

[Event "Women's Speed Chess Q2"]
[Site "chess.com INT"]
[Date "2021.05.29"]
[Round "8"]
[White "Antova, Gabriela"]
[Black "Dordzhieva, Dinara"]
[Result "1-0"]
[WhiteTitle "FM"]
[BlackTitle "WGM"]
[WhiteElo "2250"]
[BlackElo "2334"]
[WhiteFideId "2915235"]
[BlackFideId "24157570"]
[EventDate "2021.05.29"]

1. d4 d5 2. c4 c6 3. Nf3 Nf6 4. Nc3 e6 5. e3 a6 6. Qc2 b5 7. b3 Nbd7 8. Bd3 b4
9. Ne2 Bd6 10. O-O O-O 11. c5 Bc7 12. Bd2 a5 13. a3 bxa3 14. Rxa3 e5 15. dxe5
Nxe5 16. Nxe5 Bxe5 17. Nd4 Bd7 18. Rfa1 Ng4 19. h3 Qh4 20. Be1 Qh6 21. Bf5 Nf6
22. Bxd7 Nxd7 23. Rxa5 Rac8 24. Ra7 Nf6 25. R1a6 Ne4 26. b4 Bb8 27. Rb7 Qf6 28.
Rbb6 Qe5 29. f4 Qe8 30. Rxc6 Rxc6 31. Nxc6 Bc7 32. Nd4 Qc8 33. Rc6 Qd7 34. b5
Ra8 35. b6 Bd8 36. Qb1 Bf6 37. Rc7 Qd8 38. Nc6 Qe8 39. b7 Nc3 40. Bxc3 Qxe3+ 41.
Kh1 Rf8 42. Rc8 Bxc3 43. Rxf8+ Kxf8 44. b8=Q+ Qe8 45. Qxe8+ Kxe8 46. Qb7 Bf6 47.
Qc8+ 1-0

[Event "Women's Speed Chess Q2"]
[Site "chess.com INT"]
[Date "2021.05.29"]
[Round "8"]
[White "Mendoza, Shania Mae"]
[Black "Vo, Thi Kim Phung"]
[Result "0-1"]
[WhiteTitle "WFM"]
[BlackTitle "WGM"]
[WhiteElo "2158"]
[BlackElo "2335"]
[WhiteFideId "5211158"]
[BlackFideId "12401838"]
[EventDate "2021.05.29"]

1. e4 e6 2. d4 d5 3. Nc3 Nf6 4. exd5 exd5 5. h3 Bd6 6. Bd3 O-O 7. Qf3 Nc6 8.
Nge2 Nb4 9. Bg5 Nxd3+ 10. Qxd3 c6 11. O-O-O Be7 12. Kb1 Ne8 13. Bf4 Nd6 14. g4
b5 15. Ng3 Bh4 16. f3 a5 17. Bxd6 Qxd6 18. Nf5 Bxf5 19. Qxf5 g6 20. Qe5 Qd7 21.
g5 f6 22. gxf6 Rxf6 23. a3 Re8 24. Qh2 Rxf3 25. Rdf1 Qf5 26. Qg2 Rf8 27. Rxf3
Qxf3 28. Qh2 Bg3 29. Qg1 Bf2 30. Qc1 Bxd4 31. Rd1 Bxc3 32. bxc3 Qxc3 33. Qg5
Qxa3 34. Qe5 Qb4+ 35. Kc1 Qf4+ 36. Qxf4 Rxf4 37. Re1 Rc4 38. Re7 a4 39. Kb2 b4
40. Ra7 a3+ 41. Kb3 c5 42. h4 Rc3+ 43. Ka4 Rxc2 44. Kb3 Rc3+ 45. Ka4 d4 46. Kb5
d3 47. h5 gxh5 48. Rd7 a2 49. Ra7 d2 0-1

[Event "Women's Speed Chess Q2"]
[Site "chess.com INT"]
[Date "2021.05.29"]
[Round "8"]
[White "Cyfka, Karina"]
[Black "Khalafova, Narmin"]
[Result "1-0"]
[WhiteTitle "IM"]
[BlackTitle "WGM"]
[WhiteElo "2415"]
[BlackElo "2279"]
[WhiteFideId "1122681"]
[BlackFideId "13402625"]
[EventDate "2021.05.29"]

1. d4 d5 2. c4 c6 3. Nc3 Nf6 4. Nf3 dxc4 5. a4 Bf5 6. Ne5 Nbd7 7. Nxc4 Qc7 8. g3
e5 9. Bg2 O-O-O 10. O-O a5 11. Bg5 Be7 12. Rc1 Kb8 13. Qd2 h6 14. Be3 g5 15. d5
Nc5 16. Na2 Nb3 17. Qc3 Nxc1 18. Qxc1 cxd5 19. Na3 Qxc1 20. Rxc1 Rc8 21. Rd1 d4
22. Bd2 Be6 23. Nc1 b6 24. Nd3 e4 25. Ne5 Bd6 26. f4 exf3 27. Nxf3 Bc5 28. Kf1
Rhd8 29. Nb5 Ne4 30. Ne5 Nxd2+ 31. Rxd2 Bd5 32. Bh3 Be6 33. Bxe6 fxe6 34. Kg2
Rd5 35. Nc4 Kb7 36. b3 Rf8 37. Kh3 e5 38. Kg4 e4 39. Kh5 e3 40. Rd1 Rf2 41. Nxe3
Rxh2+ 42. Kg4 Re5 43. Nc4 Rexe2 44. Rf1 Re4+ 45. Kf5 Rhe2 46. Kg6 Re6+ 47. Kh5
d3 48. Rf7+ Re7 49. Rf6 d2 50. Ncd6+ Kb8 51. Rf8+ Re8 52. Nxe8 d1=Q 53. Ned6+ 1-0

[Event "Women's Speed Chess Q2"]
[Site "chess.com INT"]
[Date "2021.05.29"]
[Round "8"]
[White "Fernandez, Maria Florencia"]
[Black "Singgih, Diajeng Theresa"]
[Result "1-0"]
[WhiteTitle "WIM"]
[BlackTitle "WFM"]
[WhiteElo "2229"]
[BlackElo "1972"]
[WhiteFideId "116459"]
[BlackFideId "7104391"]
[EventDate "2021.05.29"]

1. d4 d5 2. c4 e6 3. Nc3 Nf6 4. cxd5 exd5 5. Bg5 Be7 6. e3 O-O 7. Bd3 b6 8. Nge2
Bb7 9. Qc2 Nbd7 10. O-O-O c5 11. Kb1 g6 12. Ng3 c4 13. Be2 Rc8 14. h4 a6 15. h5
b5 16. hxg6 fxg6 17. Bh6 Re8 18. Nf5 b4 19. Nxe7+ Qxe7 20. Na4 Bc6 21. Bf3 Rb8
22. Bg5 Rec8 23. Nc5 Nxc5 24. dxc5 b3 25. Qc3 bxa2+ 26. Ka1 Rf8 27. Rh4 Rb3 28.
Qd4 a5 29. Rf4 Kg7 30. Rh1 Rd3 31. Bxf6+ Rxf6 32. Rxh7+ Kxh7 33. Qxf6 Qxf6 34.
Rxf6 Ba4 35. Kxa2 Bb3+ 36. Kb1 Rd2 37. Rd6 Rxf2 38. Kc1 a4 39. Rxd5 Rf1+ 40. Kd2
Rb1 41. Rd7+ Kh6 42. Kc3 Rc1+ 43. Kb4 Rc2 44. c6 Rxb2 45. c7 a3 46. Kxa3 Ra2+
47. Kb4 Ra4+ 48. Kc3 Ra8 49. Bxa8 1-0

[Event "Women's Speed Chess Q2"]
[Site "chess.com INT"]
[Date "2021.05.29"]
[Round "8"]
[White "Samaganova, Alexandra"]
[Black "Kanyamarala, Trisha"]
[Result "1-0"]
[WhiteTitle "WFM"]
[BlackTitle "WIM"]
[WhiteElo "1993"]
[BlackElo "2180"]
[WhiteFideId "13800221"]
[BlackFideId "45004722"]
[EventDate "2021.05.29"]

1. c4 Nf6 2. Nc3 e6 3. e4 d6 4. Nf3 c5 5. Be2 Nc6 6. O-O Be7 7. d4 cxd4 8. Nxd4
O-O 9. Be3 a6 10. f3 Nd7 11. Qd2 Qc7 12. Rac1 Nc5 13. Nxc6 Qxc6 14. b4 Nd7 15.
a3 Ne5 16. f4 Nd7 17. Bf3 Qc7 18. Na4 Rb8 19. Qf2 b6 20. Rfd1 a5 21. h3 axb4 22.
axb4 Qc6 23. Nc3 Qc7 24. Nb5 Qd8 25. Nxd6 Bxd6 26. Rxd6 Qe7 27. e5 f6 28. Bg4
fxe5 29. Rxe6 Qf7 30. Rd6 Kh8 31. f5 Nf6 32. Qe2 Ne4 33. Rdd1 Bb7 34. Bf2 Nxf2
35. Qxf2 Rbc8 36. c5 bxc5 37. bxc5 Be4 38. c6 Bxf5 39. Bxf5 Qxf5 40. Qxf5 Rxf5
41. c7 Rff8 42. Rd7 Rfe8 43. Kf2 Kg8 44. Ke3 Kf8 45. Rf1+ Kg8 46. Rff7 g6 47.
Rg7+ Kh8 48. Rxh7+ Kg8 49. Rdg7+ Kf8 50. Rxg6 e4 51. Rh5 Kf7 52. Rgh6 1-0

[Event "Women's Speed Chess Q2"]
[Site "chess.com INT"]
[Date "2021.05.29"]
[Round "8"]
[White "Ortez, Andrea"]
[Black "Adam, Ernestina"]
[Result "1-0"]
[WhiteTitle "WIM"]
[BlackTitle "WCM"]
[WhiteElo "1969"]
[BlackElo "1354"]
[WhiteFideId "6702392"]
[BlackFideId "165883"]
[EventDate "2021.05.29"]

1. e4 d5 2. exd5 Qxd5 3. Nc3 Qd8 4. g3 Nf6 5. Bg2 c6 6. d4 Bf5 7. Nf3 e6 8. O-O
Be7 9. Bf4 Nbd7 10. Qe2 O-O 11. Rad1 Nb6 12. Rfe1 Nbd5 13. Nxd5 Nxd5 14. Be3 Bf6
15. a3 a5 16. c4 Nxe3 17. fxe3 Be4 18. Nd2 Bxg2 19. Kxg2 e5 20. Ne4 Qe7 21. d5
cxd5 22. cxd5 Rfe8 23. Nxf6+ Qxf6 24. e4 Rac8 25. Rf1 Qb6 26. Rd2 Rc4 27. Qf3 f6
28. Qd3 Rec8 29. d6 Rd4 30. Qe2 Rxd6 31. Rxd6 Qxd6 32. Rd1 Qc5 33. Rd2 h6 34.
Qd3 Kh7 35. Qd7 b5 36. Qf5+ Kh8 37. Rd7 Qc2+ 38. Kh3 Qc1 39. Qg6 Rg8 40. Rd6
Qc8+ 41. Kg2 Qc2+ 42. Kh3 Qc1 43. Re6 Qc8 44. Qf5 Re8 45. Rxe8+ Qxe8 46. Qg4 b4
47. Qh4 bxa3 48. bxa3 Qa4 49. Qg4 Qxa3 50. Qc8+ Kh7 51. Qf5+ Kg8 52. Qc8+ Qf8
53. Qd7 Qf7 54. Qf5 a4 55. Qc8+ 1-0

[Event "Women's Speed Chess Q2"]
[Site "chess.com INT"]
[Date "2021.05.29"]
[Round "8"]
[White "Eswaran, Ashritha"]
[Black "Mahalakshmi, M"]
[Result "1-0"]
[WhiteTitle "WIM"]
[BlackTitle "WIM"]
[WhiteElo "2244"]
[BlackElo "2253"]
[WhiteFideId "2080788"]
[BlackFideId "5001080"]
[EventDate "2021.05.29"]

1. e4 c6 2. d4 d5 3. Nc3 dxe4 4. Nxe4 Nf6 5. Nxf6+ exf6 6. c3 Bd6 7. Bd3 O-O 8.
Qc2 Re8+ 9. Ne2 h5 10. Be3 Nd7 11. O-O-O Nf8 12. Kb1 b5 13. h3 a5 14. g4 h4 15.
Rhg1 Ne6 16. d5 cxd5 17. Bxb5 Bd7 18. Bxd7 Qxd7 19. Rxd5 Qc6 20. Rgd1 Bc5 21.
Bxc5 Nxc5 22. g5 fxg5 23. Rxg5 Qe4 24. Nd4 Qxc2+ 25. Kxc2 Ne4 26. Rf5 Rad8 27.
Rg1 g6 28. Rf4 a4 29. Rg2 Rd5 30. Rxh4 Rde5 31. f4 R5e7 32. f5 g5 33. Rxe4 Rxe4
34. Rxg5+ Kf8 35. b3 Rh4 36. Rg3 Ke7 37. bxa4 Kf6 38. Kb3 Rb8+ 39. Nb5 Kxf5 40.
Rd3 Ra8 41. Rf3+ Ke4 42. Rxf7 Rxh3 43. Rd7 Rh5 44. c4 Rh3+ 45. Kb4 Rh2 46. Nc3+
Ke3 47. a5 Rb2+ 48. Ka4 Rc2 49. Kb3 Rc1 50. Nd5+ Ke2 51. Kb4 Rb1+ 52. Ka4 Rb2
53. a3 Rc2 54. Nb6 Ra6 55. Kb5 Ra8 56. Nxa8 Rb2+ 57. Ka6 Ra2 58. c5 Rxa3 59. c6
Rc3 60. c7 Ke3 61. Rd8 Rc4 62. c8=Q Rxc8 63. Rxc8 1-0

[Event "Women's Speed Chess Q2"]
[Site "chess.com INT"]
[Date "2021.05.29"]
[Round "8"]
[White "Arpita, Mukherjee"]
[Black "Socko, Monika"]
[Result "0-1"]
[WhiteTitle "WIM"]
[BlackTitle "GM"]
[WhiteElo "2206"]
[BlackElo "2421"]
[WhiteFideId "5056403"]
[BlackFideId "1106619"]
[EventDate "2021.05.29"]

1. e4 e6 2. d4 d5 3. Nd2 c5 4. exd5 Qxd5 5. Ngf3 Nc6 6. Bc4 Qd8 7. O-O cxd4 8.
Nb3 Qc7 9. Bb5 a6 10. Bxc6+ Qxc6 11. Nbxd4 Qc7 12. Bg5 Be7 13. Bxe7 Nxe7 14. b3
e5 15. Ne2 O-O 16. c4 Rd8 17. Qe1 Bg4 18. Qc3 Ng6 19. Ng3 Re8 20. h3 Bxf3 21.
Qxf3 Rad8 22. Rfd1 Nf4 23. Nf5 g6 24. Nh6+ Kg7 25. Ng4 h5 26. Nh2 e4 27. Qc3+
Kg8 28. Qf6 Ne6 29. Rd5 Qf4 30. Qc3 Rxd5 31. cxd5 Ng7 32. Rd1 Nf5 33. Nf1 Rd8
34. Ne3 Nxe3 35. fxe3 Qd6 36. Rd4 Re8 37. Qc4 f5 38. Qb4 Rd8 39. Qd2 Kf7 40. Kh1
Qg3 41. d6 Rd7 42. a4 Ke6 43. Qb4 Qxe3 44. Qc4+ Kf6 45. Qd5 Qc1+ 46. Kh2 Qf4+
47. Kh1 Qe5 48. Qg8 Kg5 49. Rd2 e3 50. h4+ Kxh4 51. Re2 Rxd6 52. Qc8 Rd1+ 0-1

[Event "Women's Speed Chess Q2"]
[Site "chess.com INT"]
[Date "2021.05.29"]
[Round "8"]
[White "Arabidze, Meri"]
[Black "Sukandar, Irine Kharisma"]
[Result "0-1"]
[WhiteTitle "IM"]
[BlackTitle "IM"]
[WhiteElo "2436"]
[BlackElo "2413"]
[WhiteFideId "13604040"]
[BlackFideId "7101937"]
[EventDate "2021.05.29"]

1. Nf3 Nf6 2. d4 d5 3. c4 e6 4. Nc3 c6 5. e3 Bd6 6. Qc2 O-O 7. Be2 Nbd7 8. O-O
dxc4 9. a4 e5 10. Bxc4 Qe7 11. h3 e4 12. Nd2 Re8 13. Ba2 Nf8 14. Bb1 Bf5 15. Nc4
Bc7 16. f3 Be6 17. Nxe4 Nh5 18. Ne5 f6 19. Nd3 Bf5 20. Ndc5 Bg6 21. Qb3+ Kh8 22.
Qxb7 f5 23. Nc3 Ne6 24. Qxc6 Ng5 25. Rf2 Bg3 26. Re2 Rac8 27. Qb7 Rc7 28. Qb3
Nxh3+ 29. gxh3 Qh4 30. Rg2 Qxh3 31. Nd5 Rf7 32. Qd1 Bd6 33. Nf4 Bxf4 34. exf4
Rfe7 35. Bd2 Nxf4 36. Bxf4 Re1+ 37. Qxe1 Rxe1+ 38. Kf2 Re2+ 39. Kxe2 Qxg2+ 40.
Kd3 Qxf3+ 41. Kc4 Qxf4 42. Bc2 Bf7+ 43. Kc3 Qe3+ 44. Bd3 f4 45. Rf1 f3 46. a5 f2
47. a6 h5 48. b4 Bg6 49. b5 Qe1+ 50. Kc4 Bxd3+ 51. Nxd3 Qxf1 52. b6 Qxd3+ 53.
Kxd3 f1=Q+ 54. Ke4 axb6 55. a7 Qa6 56. Ke5 Qxa7 57. d5 Qc7+ 0-1

[Event "Women's Speed Chess Q2"]
[Site "chess.com INT"]
[Date "2021.05.29"]
[Round "8"]
[White "Pham, Le Thao Nguyen"]
[Black "Antolak, Julia"]
[Result "1-0"]
[WhiteTitle "IM"]
[BlackTitle "WIM"]
[WhiteElo "2369"]
[BlackElo "2306"]
[WhiteFideId "12401226"]
[BlackFideId "1159569"]
[EventDate "2021.05.29"]

1. d4 Nf6 2. Nf3 g6 3. g3 Bg7 4. Bg2 O-O 5. O-O d6 6. c4 c6 7. Nc3 Qa5 8. e4 Qh5
9. Ng5 Bg4 10. f3 Bc8 11. e5 Ne8 12. f4 Bg4 13. Qe1 h6 14. Nge4 Nd7 15. Nf2 Bf3
16. Be3 Bxg2 17. Kxg2 Nc7 18. h3 Ne6 19. Nfe4 f5 20. exf6 Nxf6 21. Nxf6+ Bxf6
22. Qd2 Qa5 23. Rae1 Ng7 24. d5 Nf5 25. Bf2 c5 26. Re2 Rf7 27. g4 Nd4 28. Bxd4
Bxd4 29. Nb5 Qxd2 30. Rxd2 Be3 31. Re2 Bxf4 32. Nc7 Rc8 33. Ne6 Be5 34. Rxf7
Kxf7 35. b3 g5 36. a4 Kg6 37. Rf2 Bf6 38. Kf3 a6 39. Ke4 Rb8 40. a5 b6 41. axb6
Rxb6 42. Rf3 a5 43. Rd3 a4 44. bxa4 Rb4 45. Ra3 Rxc4+ 46. Kf3 Rc3+ 47. Rxc3 Bxc3
48. Ke4 Kf6 49. Nc7 Ba5 50. Nb5 c4 51. Kd4 e6 52. Kxc4 e5 53. Kd3 Ke7 54. Ke4
Kd7 55. Na3 Kc7 56. Nc4 Bb4 57. Ne3 Kb6 58. Nf5 Bc5 59. Nxh6 Ka5 60. Nf7 Kxa4
61. Nxg5 Kb3 62. h4 Kc2 63. h5 1-0

[Event "Women's Speed Chess Q2"]
[Site "chess.com INT"]
[Date "2021.05.29"]
[Round "8"]
[White "Gaponenko, Inna"]
[Black "Mkrtchian, Lilit"]
[Result "0-1"]
[WhiteTitle "IM"]
[BlackTitle "IM"]
[WhiteElo "2357"]
[BlackElo "2388"]
[WhiteFideId "14101181"]
[BlackFideId "13300601"]
[EventDate "2021.05.29"]

1. e4 e6 2. d4 d5 3. exd5 exd5 4. Nf3 Bd6 5. c4 dxc4 6. Bxc4 Nf6 7. O-O O-O 8.
Nc3 Nc6 9. h3 h6 10. Re1 Bf5 11. d5 Na5 12. Bf1 Re8 13. Be3 b6 14. Nd4 Bg6 15.
Bb5 Re7 16. Qa4 a6 17. Bc6 Rb8 18. Rac1 Bc5 19. b4 Bxd4 20. Bxd4 Rxe1+ 21. Rxe1
Nxc6 22. Qxc6 Ne8 23. Be5 f6 24. Bg3 Bf7 25. Rd1 Nd6 26. Bxd6 Qxd6 27. Qxd6 cxd6
28. Ne4 Rd8 29. Rc1 Bxd5 30. Nd2 Bxa2 31. Ra1 Bd5 32. Rxa6 Rb8 33. Nf1 Kf7 34.
Ne3 Bc6 35. Ra7+ Rb7 36. Ra8 Ke6 37. Rc8 Bd7 38. Rg8 Bb5 39. g4 d5 40. Nf5 Rd7
41. Rxg7 Rxg7 42. Nxg7+ Ke5 43. Nf5 d4 44. f3 Kf4 45. Kf2 d3 46. Ne3 d2 47. Nd1
Bd3 48. Nc3 f5 49. gxf5 Kxf5 50. Ke3 Bf1 51. Kxd2 Bxh3 52. Nd5 b5 53. Nc3 Bf1
54. Ke1 Bc4 55. Kf2 Kf4 56. Ne4 h5 57. Nd6 Bd3 58. Kg2 h4 59. Nf7 Bf5 60. Nd6
h3+ 61. Kf2 Bd7 62. Ne4 Bc6 63. Nd2 Bd5 64. Nf1 Bxf3 65. Nd2 Bd5 66. Kg1 Kg3 67.
Nf1+ Kf4 68. Kh2 Kg4 69. Ne3+ Kf3 70. Nxd5 Ke4 0-1

[Event "Women's Speed Chess Q2"]
[Site "chess.com INT"]
[Date "2021.05.29"]
[Round "8"]
[White "Mohota, Nisha"]
[Black "Dworakowska, Joanna"]
[Result "0-1"]
[WhiteTitle "IM"]
[BlackTitle "IM"]
[WhiteElo "2195"]
[BlackElo "2322"]
[WhiteFideId "5004330"]
[BlackFideId "1107445"]
[EventDate "2021.05.29"]

1. b3 e5 2. Bb2 Nc6 3. c4 Nf6 4. Nf3 Bd6 5. e3 O-O 6. Be2 Re8 7. O-O e4 8. Nd4
Ne5 9. Nf5 Bf8 10. d4 exd3 11. Bxd3 d5 12. cxd5 Qxd5 13. Bc2 Be6 14. Qxd5 Bxd5
15. Nc3 Bc6 16. Rfd1 a6 17. Rd2 Rad8 18. Rad1 Rxd2 19. Rxd2 b5 20. Ne2 Nfd7 21.
Ned4 Bb7 22. f4 Ng4 23. Re2 c5 24. Nf3 g6 25. h3 Ngf6 26. Ng3 Nd5 27. Ne5 Nxe5
28. Bxe5 f6 29. Bb2 Rxe3 30. Rxe3 Nxe3 31. Be4 Bd5 32. Bxf6 Bxe4 33. Nxe4 c4 34.
bxc4 bxc4 35. Be5 Kf7 36. Ng5+ Kg8 37. Kf2 Nd5 38. Ke2 Bb4 39. Ne4 Kf7 40. Ng5+
Kg8 41. Ne4 h6 42. Nf6+ Nxf6 43. Bxf6 Kf7 44. Be5 Ke6 45. Ke3 Kd5 46. g4 Bc5+
47. Ke2 Ke4 48. Kd2 Be3+ 49. Kc3 Bxf4 50. Bg7 h5 51. gxh5 gxh5 52. Kxc4 h4 53.
Kc5 Be3+ 54. Kc6 Kf3 55. Kb7 a5 56. a4 Kg3 57. Bc3 Kxh3 58. Bxa5 Kg4 59. Bc7 Bd2
60. Bd6 h3 61. Kb6 Kf3 62. a5 Bf4 63. Bxf4 Kxf4 64. a6 h2 65. a7 h1=Q 66. a8=Q
Qxa8 67. Kc7 Qa6 68. Kb8 Ke5 69. Kc7 Ke6 70. Kb8 Qc6 71. Ka7 Qb5 72. Ka8 Kd6 73.
Ka7 Kc7 74. Ka8 Qb7# 0-1

[Event "Women's Speed Chess Q2"]
[Site "chess.com INT"]
[Date "2021.05.29"]
[Round "8"]
[White "Vaishali, R"]
[Black "Kulkarni, Bhakti"]
[Result "0-1"]
[WhiteTitle "WGM"]
[BlackTitle "IM"]
[WhiteElo "2393"]
[BlackElo "2391"]
[WhiteFideId "5091756"]
[BlackFideId "5019516"]
[EventDate "2021.05.29"]

1. e4 c6 2. d4 d5 3. e5 g6 4. Nf3 Bg4 5. h3 Bxf3 6. Qxf3 Bg7 7. Bd3 c5 8. c3 Nc6
9. Be3 e6 10. Na3 a6 11. h4 cxd4 12. cxd4 Qa5+ 13. Kf1 h5 14. Nc2 Nge7 15. b4
Qb6 16. Rb1 Nf5 17. Bxf5 Qb5+ 18. Kg1 gxf5 19. Rh3 Qd3 20. Rc1 Qe4 21. Rg3 Qxf3
22. gxf3 Bf8 23. a3 Be7 24. Bg5 Rc8 25. Na1 Kd7 26. Nb3 b6 27. Kh2 Na7 28. Bxe7
Rxc1 29. Bf6 Rc3 30. Rg7 Rf8 31. Nd2 Rxa3 32. Rh7 Rd3 33. Nf1 Rxd4 34. Ne3 Rxb4
35. Bg7 Rc8 36. Bf6 Rf8 37. Bg7 Rg8 38. Bf6 Ke8 39. Rxh5 a5 40. Rh7 a4 41. Nxd5
exd5 42. e6 Rf8 43. h5 a3 44. h6 a2 45. Kh3 d4 46. Rxf7 a1=Q 47. Re7+ Kd8 48.
Rf7+ Kc8 49. Rxf8+ Kb7 50. e7 Qh1+ 51. Kg3 f4+ 52. Kxf4 d3+ 53. Ke5 Rb5+ 54. Kd6
Qh2+ 55. Ke6 Qh3+ 56. Kf7 Qh5+ 57. Kg7 Rg5+ 58. Bxg5 Qxg5+ 59. Kf7 Qf5+ 60. Kg7
Qe5+ 61. Kf7 Qf5+ 62. Kg7 Qg5+ 63. Kf7 Nb5 64. e8=Q Nd6+ 65. Ke6 Nxe8 66. Rxe8
Qxh6+ 67. Kd7 d2 68. Re7 d1=Q+ 69. Ke8+ Ka6 70. f4 Qdd6 0-1

[Event "Women's Speed Chess Q2"]
[Site "chess.com INT"]
[Date "2021.05.29"]
[Round "8"]
[White "Nguyen, Thi Mai Hung"]
[Black "Avramidou, Anastasia"]
[Result "1/2-1/2"]
[WhiteTitle "WGM"]
[BlackTitle "FM"]
[WhiteElo "2254"]
[BlackElo "2238"]
[WhiteFideId "12401676"]
[BlackFideId "4239873"]
[EventDate "2021.05.29"]

1. d4 Nf6 2. Nf3 g6 3. g3 Bg7 4. Bg2 O-O 5. O-O d5 6. c4 Nc6 7. Nbd2 a5 8. cxd5
Nxd5 9. e4 Nb6 10. d5 Nb4 11. Qb3 c5 12. dxc6 Nxc6 13. Nc4 Nxc4 14. Qxc4 Be6 15.
Qe2 Nd4 16. Nxd4 Qxd4 17. Rd1 Qb6 18. e5 h5 19. Be3 Qc7 20. Bd4 Bg4 21. f3 Bf5
22. Rac1 Qd7 23. a3 Rfc8 24. Bc3 Qa4 25. h3 Rd8 26. f4 h4 27. g4 Be6 28. Bxb7
Rab8 29. Be4 Bc4 30. Qf3 Qb5 31. Bc6 Qb6+ 32. Kg2 Be2 33. Rxd8+ Rxd8 34. Qe4 Bd3
35. Qf3 Be2 36. Qxe2 Qxc6+ 37. Qf3 Qb5 38. Rd1 Rc8 39. Rd5 Qc4 40. Rxa5 e6 41.
Ra7 Bf8 42. Rd7 Bxa3 43. bxa3 Qxc3 44. Qxc3 Rxc3 45. Ra7 Kg7 46. a4 Rg3+ 47. Kh2
Rf3 48. f5 gxf5 49. a5 fxg4 50. hxg4 Rg3 51. a6 Rxg4 52. Rb7 Ra4 53. a7 Kg6 54.
Kh3 Ra5 55. Rc7 Kf5 56. Rxf7+ Kxe5 57. Kxh4 Kd4 58. Kg3 e5 59. Kf2 Ke4 60. Re7
Ra2+ 61. Ke1 Kf4 62. Kf1 e4 63. Ke1 Ke3 64. Kd1 Kd3 65. Rd7+ Ke3 66. Re7 Ra1+
67. Kc2 Ra6 68. Kb3 Kf3 69. Kc4 e3 70. Kb5 Ra1 71. Kb6 e2 72. Kb7 Rxa7+ 73. Kxa7
Kf2 74. Rxe2+ Kxe2 1/2-1/2

[Event "Women's Speed Chess Q2"]
[Site "chess.com INT"]
[Date "2021.05.29"]
[Round "8"]
[White "Dauletova, Gulmira"]
[Black "Nikolova, Adriana"]
[Result "0-1"]
[WhiteTitle "WGM"]
[BlackTitle "WGM"]
[WhiteElo "2285"]
[BlackElo "2243"]
[WhiteFideId "13702971"]
[BlackFideId "2908689"]
[EventDate "2021.05.29"]

1. e4 c5 2. Nf3 Nc6 3. d4 cxd4 4. Nxd4 d6 5. Be2 Nf6 6. Nc3 e5 7. Nb3 Be7 8. Be3
Be6 9. Qd2 O-O 10. f3 a5 11. a4 Nb4 12. O-O d5 13. exd5 Nfxd5 14. Nxd5 Qxd5 15.
Rfd1 Qxd2 16. Rxd2 Rfc8 17. Bd1 Nd5 18. Bf2 Bg5 19. Re2 Bf6 20. Nc5 Nf4 21. Rd2
Rab8 22. c3 Bf5 23. Bb3 Be7 24. Ne4 Be6 25. Bxe6 Nxe6 26. Rd7 Kf8 27. Rad1 f5
28. Ng3 g6 29. R7d5 Rd8 30. Bb6 Rxd5 31. Rxd5 Bf6 32. Rxa5 h5 33. Ne2 Rc8 34.
Ra7 Rc4 35. a5 Ra4 36. Rxb7 Ra1+ 37. Kf2 f4 38. g3 fxg3+ 39. hxg3 g5 40. Kg2 h4
41. gxh4 gxh4 42. Be3 Rxa5 43. Rb6 Kf7 44. Kh3 Ra1 45. Kg2 Re1 46. Kf2 Rb1 47.
Ng1 Rd1 48. Nh3 Rd7 49. Kg2 Ra7 50. Kf2 Ra2 51. Kg2 Ke7 52. Nf2 Kf7 53. Ne4 Bg7
54. Kh3 Nf4+ 55. Bxf4 exf4 56. Kxh4 Ra1 57. Kg4 Be5 58. Kf5 Bg7 59. Kxf4 Rf1 60.
Ng5+ Kg8 61. Rb7 Bf8 62. Kf5 Bc5 63. Kg6 Kf8 64. Rb8+ Ke7 65. Rb7+ Ke8 66. Kf5
Re1 67. f4 Bf2 68. Ne6 Re2 69. Kf6 Bh4+ 70. Kf5 Re1 71. Rb8+ Ke7 72. Rb7+ Kd6
73. Rb6+ Kd5 74. Rb5+ Kc4 75. Rc5+ Kd3 76. Rd5+ Kc2 77. b4 Kxc3 78. b5 Rb1 79.
Nc7 Kc4 80. Re5 Bg3 0-1